|
|
|
|
| LEADER |
01339nam a2200397 a 4500 |
| 001 |
001202108 |
| 003 |
CZ BrMZK |
| 005 |
20200317095335.0 |
| 007 |
ta |
| 008 |
120323s2011 xr a g 6 000 1 cze |
| 015 |
|
|
|a cnb002268277
|
| 020 |
|
|
|a 978-80-7449-065-1
|q (brož.)
|
| 035 |
|
|
|a (OCoLC)794207676
|
| 040 |
|
|
|a BOA001
|b cze
|
| 041 |
1 |
|
|a cze
|h eng
|
| 072 |
|
7 |
|a 741.52
|x Komiksy. Komiksové adaptace
|2 Konspekt
|9 21
|
| 080 |
|
|
|a 741.52(0:82-322.9)
|2 MRF
|
| 080 |
|
|
|a 741.52(0:82-322.4)
|2 MRF
|
| 100 |
1 |
|
|a Gaiman, Neil,
|d 1960-
|7 jn20000807024
|4 aut
|
| 245 |
1 |
0 |
|a Sandman.
|n Svazek devátý,
|p Blahovolné /
|c Neil Gaiman ; ilustrovali Marc Hempel ... [et al. ; překlad Viktor Janiš]
|
| 246 |
3 |
0 |
|a Blahovolné
|
| 260 |
|
|
|a [Praha] :
|b Crew,
|c 2011
|
| 300 |
|
|
|a [246] s. :
|b vše barev. il. ;
|c 26 cm
|
| 490 |
1 |
|
|a Vertigo
|
| 500 |
|
|
|a Přeloženo z angličtiny
|
| 500 |
|
|
|a Název z obálky
|
| 655 |
|
7 |
|a fantasy komiksy
|7 fd1057473
|2 czenas
|
| 655 |
|
7 |
|a horory (komiksy)
|7 fd1057476
|2 czenas
|
| 700 |
1 |
|
|a Hempel, Marc
|7 xx0045923
|4 ill
|
| 765 |
0 |
|
|t Sandman. Vol. 9, Kindly ones
|9 Česky
|
| 765 |
1 |
|
|t Kindly ones
|9 Česky
|
| 830 |
|
0 |
|a Vertigo
|
| 910 |
|
|
|a BOA001
|b 3-1283.418
|
| 990 |
|
|
|a BK
|
| 991 |
|
|
|b 201204
|e b
|
| 996 |
6 |
|
|b 2610507562
|c 3-1283.418
|l MZK
|r Sklad / do 1 hodiny
|n 10
|p p.v.
|w 001237431
|u 000010
|a 1
|e BOA001
|j MZK50
|s P
|